000 01014nam a2200229 i 4500
001 158377
003 ES-MaACL
005 20250905155429.0
008 950111s1886 sp |||| | spa d
040 _aCARM
_bspa
100 0 _aMacaulay, Thomas Babington Macaulay
_cBaron.
_975067
245 1 0 _aHistoria del reinado de Guillermo III
_b: continuación de la Revolución de Inglaterra /
_cpor Lord Macaulay ; traducción castellana de Daniel Lopez.
260 _aMadrid :
_bLuis Navarro,
_c1886 (
_fEstablecimiento Tipografico "Sucesores de Rivadeneira")
300 _a6 v. ;
_c18 cm.
490 1 _aBiblioteca Clasica ;
_v87-92
597 _aVol.I(368 p.)--Vol.II(408 p.)--Vol.III(386 p.)--Vol.IV(379 p.) --Vol.V(399 p.)--Vol.VI(359 p.)
651 4 _aGran Bretaña-
_xHistoria-
_y1689-1702, Guillermo III y María II.
_9162243
700 1 _aLópez, Daniel,
_d1859-1933
_9162244
830 0 _aBiblioteca Clasica ;
_v87-92
_9180370
852 _aES-MaACL
_jF-13142-47
_z-- Enc. tela
999 _c158377
_d158377